| 000 | 00351nam a22001337a 4500 | ||
|---|---|---|---|
| 008 | 250326b |||||||| |||| 00| 0 eng d | ||
| 020 | _a0675098483 | ||
| 050 |
_aPE1413 _b.C37 |
||
| 100 | _aCARSON, R. Barbara | ||
| 245 | _aA Basic for Composition | ||
| 260 |
_aToronto _bCharles E. Merrill Publishing Company _c1982 |
||
| 300 | _axi, 396p. | ||
| 942 | _cBK | ||
| 999 |
_c2708 _d2708 |
||